000 00774nam a22002771i 4500
001 18518
003 ES-MaACL
007 t|
008 020128s1977 sp r ||||0| spa j
016 7 _zIND9100111675
020 _a84-85229-28-2
040 _aM-BN
_bspa
_cA2
080 _a612.6.06
080 _a392.6(46)"1939/75"
100 1 _aCaballero, Oscar.
_933089
245 1 3 _aEl sexo del franquismo /
_cOscar Caballero.
260 _aMadrid :
_bCambio 16,
_cD.L. 1977.
300 _a318 p., 1 h ;
_c20 cm.
490 1 _aEspaña viva
500 _aIndice.
650 1 7 _aSexo
_2embne
_917075
650 1 4 _aCostumbres sexuales-
_zEspaña-
_y1939-1975.
_911399
830 0 _aEspaña viva
_9180467
852 _aES-MaACL
_jG-1299
_bR.130948
999 _c18518
_d18518